Road building in the tropics/ (Record no. 547403)

000 -LEADER
fixed length control field 00414nam a22001457a 4500
082 ## - DEWEY DECIMAL CLASSIFICATION NUMBER
Classification number 625.713
Author Mark MIL
-- L-18, P-73
100 ## - MAIN ENTRY--PERSONAL NAME
Personal name R S MILLARD.
9 (RLIN) 43604
245 ## - TITLE STATEMENT
Title Road building in the tropics/
Statement of responsibility, etc. MILLARD R S .
260 ## - PUBLICATION, DISTRIBUTION, ETC.
Place of publication, distribution, etc. london.
Name of publisher, distributor, etc. HMSO Pub.
Date of publication, distribution, etc. c1993.
300 ## - PHYSICAL DESCRIPTION
Extent 312 p.
Other physical details ill.
526 ## - STUDY PROGRAM INFORMATION NOTE
Program name 0
Interest level 0
Reading level 0
Title point value 625_713000000000000_MIL
526 ## - STUDY PROGRAM INFORMATION NOTE
Program name 0
Interest level 0
Reading level 0
Title point value 625_713000000000000_MIL
650 ## - SUBJECT ADDED ENTRY--TOPICAL TERM
Topical term or geographic name entry element MCE
9 (RLIN) 379
942 ## - ADDED ENTRY ELEMENTS (KOHA)
Source of classification or shelving scheme
Koha item type Book
Holdings
Withdrawn status Lost status Source of classification or shelving scheme Damaged status Not for loan Permanent Location Current Location Date acquired Total Checkouts Full call number Barcode Date last seen Price effective from Koha item type
          Military College of Engineering (MCE) Military College of Engineering (MCE) 07/14/2014   625.713 MIL MCE-28486 07/14/2014 07/14/2014 Book
          Military College of Engineering (MCE) Military College of Engineering (MCE) 07/14/2014   625.713 MIL MCE-28833 07/14/2014 07/14/2014 Book
© 2023 Central Library, National University of Sciences and Technology. All Rights Reserved.